Registrable leases (Record no. 118036)

MARC details
000 -LEADER
fixed length control field 01185cam a2200217 4500
001 - CONTROL NUMBER
control field WB@3612-575
008 - FIXED-LENGTH DATA ELEMENTS--GENERAL INFORMATION
fixed length control field 040923n2004 000 0 eng u
035 ## - SYSTEM CONTROL NUMBER
System control number (Sirsi) u127495
245 ## - TITLE STATEMENT
Title Registrable leases
260 ## - PUBLICATION, DISTRIBUTION, ETC.
Date of publication, distribution, etc. 2004
490 ## - SERIES STATEMENT
Series statement HM Land Registry Press Release
Volume/sequential designation 17 September 2004 (2)
520 ## - SUMMARY, ETC.
Summary, etc. Each year Land Registry receives over 200 000 applications to register new leases and with the implementation of registration of leases of more than seven years, the number of compulsory registrations of leases looks set to rise. The Registry is now looking to standardise lease information, in order to streamline the registration process and is conducting a consultation on two alternative methods of presenting the prescribed information at the front of registrable leases. The consultation ends on 10 December 2004. For more information go to: http://www.landreg.gov.uk/assets/library/documents /cons0904.pdf http://www.landreg.gov.uk/consultations/
590 ## - LOCAL NOTE (RLIN)
Local note WB
590 ## - LOCAL NOTE (RLIN)
Local note WB
650 ## - SUBJECT ADDED ENTRY--TOPICAL TERM
Topical term or geographic name entry element HM LAND REGISTRY
650 ## - SUBJECT ADDED ENTRY--TOPICAL TERM
Topical term or geographic name entry element LEASES
650 ## - SUBJECT ADDED ENTRY--TOPICAL TERM
Topical term or geographic name entry element REGISTRATION OF LEASES
650 ## - SUBJECT ADDED ENTRY--TOPICAL TERM
Topical term or geographic name entry element CONSULTATION
690 ## - LOCAL SUBJECT ADDED ENTRY--TOPICAL TERM (OCLC, RLIN)
Topical term or geographic name as entry element LANDLORD AND TENANT-LEASES
942 ## - ADDED ENTRY ELEMENTS (KOHA)
Suppress in OPAC 0
Holdings
Withdrawn status Lost status Source of classification or shelving scheme Damaged status Not for loan Home library Current library Shelving location Date acquired Total Checkouts Full call number Barcode Date last seen Copy number Price effective from Koha item type
    Dewey Decimal Classification     London London News article 23/09/2004   WB4036-09 127495-1001 06/08/2019 1 06/08/2019 News article